000 00751nab a22002177a 4500
001 199
005 20251111104522.0
006 a|||||r|||| 00| 0
007 c| aa aaaaa
008 250205b2022 ag |||||o|||| 0spa0 eng d
040 _aAR-EsCIE
_cAR-EsCIE
100 1 _aRajchenberg, Mario,
_d1954-
_9107
245 1 0 _aBiogeografía de los políporos (Agaricomycotina, Basidiomycota) del sur de Sudamérica
650 0 _aBIOGEOGRAFIA
_9309
650 4 _aBOSQUES
_959
650 4 _aREGION ANDINO PATAGONICA (ARGENTINA)
_966
773 _tLibro de resúmenes de la 3º reunión Argentina de micología
_gp. 56.
_w192
856 _uhttps://www.hongos.ar/blog/materiales-1/iii-reunion-argentina-de-micologia-30
910 _aPG20250205
942 _2ddc
_cCF
_n0
999 _c199
_d199